Angela Merkel Buchstabier-Quiz - Statistiken

Allgemein
  • Dieses Quiz wurde 248 mal gespielt
  • Das Durchschnittsergebnis liegt bei 12 aus 20
Antwortstatistiken
Buchstabe Hinweis Antwort % Korrekt
G Vornahme des Kanzler-Vorgängers Gerhard
94%
O Vornahme des nachfolgenden Bundeskanzlers Olaf
92%
O US-Präsident während ihrer halben Amtszeit Obama
91%
D Sie war die erste Person im Kanzleramt, die in diesem ehemaligen Land aufwuchs DDR
86%
E Staatenbund, von dem sie die längste Amtszeit als Regierungschefin innehatte Europäische Union
85%
R Ikonische Handgeste Raute
85%
A Vorname der nachfolgenden CDU-Chefin Annegret
83%
A Art der Energieerzeugung, die sie bis 2022 abschaffen wollte Atomkraft/Atomenergie
81%
M Bundesland, in welchem sich ihr Wahlkreis befindet Mecklenburg-Vorpommern
81%
L Präsident Belarus, gegen den sie sich Aussprach Lukaschenko
76%
L Stadt, in der sie ab 1973 studierte Leipzig
75%
N Amerikanische Behörde, die ihr Handy abhörte NSA
72%
H Geburtsstadt Hamburg
70%
E Monetäre Krise während ihrer Amtszeit Eurokrise
48%
A Kontroverse Politik im Kontext der Flüchtlingskrise Asylpolitik
29%
E Bezirk in dieser Stadt in welchem sie geboren wurde Eimsbüttel
19%
T Vermutete Krankheit, deren Symptome sie gegen Ende ihrer Amtszeit aufzeigte Tremor
19%
E Schweizer Tal, in welchem sie oft ihre Ferien verbringt Engadin
16%
K Nachnahme bei Geburt Kasner
16%
R Art der Statue, die von Wilhelm Koch 2021 in der Oberpfalz aufgestellt wurde Reiterstandbild
5%
Keine übereinstimmenden Quizze gefunden
Verteilung der Resultate
Anzahl Personen mit jedem Resultat
Perzentil nach korrekt beantworteten Fragen
Ihre Resultats-Entwicklung
Sie haben dieses Quiz noch nicht gespielt